| 000 | 01895nam0a2200337 4500 | ||
|---|---|---|---|
| 001 | RU\NLR\BIBL_A\011362674 | ||
| 005 | 20241102070656.0 | ||
| 010 |
_a9785444301128 _9500 |
||
| 021 |
_aRU _b2017-17564 _91295 |
||
| 035 | _a(RuMoRGB)008824705 | ||
| 035 | _a(NLR Aleph) 011362674 | ||
| 090 |
_a11306757 _c11306757 |
||
| 100 | _a20170406d2017 u y0rusy50 ca | ||
| 101 | 0 |
_arus _aeng |
|
| 102 | _aRU | ||
| 105 | _aa j 000zy | ||
| 200 | 1 |
_aСитуационная технология отображения информации _eтеоретические и практические основы _eэлектроэнергетика, пилотируемые системы, нефтегазовая промышленность, ситуационные центры _fЛеонид Штейнбок |
|
| 210 |
_aМосква _cНаучные технологии _d2017 |
||
| 215 |
_a260 с. _cил. _d21 |
||
| 300 | _aЧасть текста на англ. яз. | ||
| 313 | _aПовышение эффективности и надежности оперативно-диспетчерского управления | ||
| 320 | _aБиблиогр.: с. 258-260 (16 назв.) | ||
| 606 |
_aВычислительная техника -- Вычислительные машины электронные цифровые -- Автоматическая обработка информации -- Информационные системы и сети -- Исследование _2rubbk |
||
| 606 |
_aПромышленные предприятия _xДиспетчерская система _91281331 _3RU\NLR\AUTH\66210715 |
||
| 686 |
_aЗ973.233.02-01,0 _2rubbk |
||
| 686 | 1 | _aЗ985 | |
| 700 | 1 |
_7ca _8rus _aШтейнбок _bЛ. С. _gЛеонид Семенович _9192724 _3RU\NLR\AUTH\770192775 |
|
| 942 | _cBOOK | ||
| 980 | _aNBR | ||